Pygmalion
Uloženo v:
| Hlavní autor: | |
|---|---|
| Médium: | Kniha |
| Jazyk: | angličtina |
| Vydáno: |
Nueva York
Dover Publications
1994
|
| Vydání: | 1a. ed |
| Edice: | Dover Thrift Editions
|
| Témata: | |
| Tagy: |
Přidat tag
Žádné tagy, Buďte první, kdo vytvoří štítek k tomuto záznamu!
|
MARC
| LEADER | 00000cam a2200000 a 4500 | ||
|---|---|---|---|
| 001 | UCE3185 | ||
| 003 | CL-VaPUC | ||
| 008 | 140821e19940000us |||||||||||||||||eng|d | ||
| 020 | |a 0486282228 | ||
| 082 | 0 | 4 | |a 822 |b SHA |2 21 |
| 100 | 0 | |a Shaw George Bernard |e author |9 322529 | |
| 245 | 1 | 0 | |a Pygmalion |
| 250 | |a 1a. ed | ||
| 300 | |a 82 p | ||
| 942 | |c BK | ||
| 945 | |d 20140821 14:35:00 |a arojas | ||
| 260 | |a Nueva York |b Dover Publications |c 1994 | ||
| 650 | 0 | |a Dramas ingleses |9 269396 | |
| 650 | 0 | |a Literatura inglesa |9 312907 | |
| 583 | |a last modification |c 20140821 14:35:00 |k Rodrigo Vera | ||
| 490 | 0 | |a Dover Thrift Editions | |
| 999 | |c 356608 |d 356606 | ||
| 952 | |0 0 |1 0 |3 erb |4 0 |6 822_000000000000000_SHA_1994 |7 0 |8 A |9 464062 |a BIBEDU |b BIBEDU |i 5095425 |o 822 SHA 1994 |p 5095425 |r 2019-11-23 |w 2019-11-23 |y BK |z Catalogado en:20140821 |k LIT | ||